[Event "Irena Warakomska Memorial A"]
[Site "Suwalki"]
[Date "2021.08.03"]
[Round "9"]
[White "Laurusas, Tomas"]
[Black "Pultinevicius, Paulius"]
[Result "1/2-1/2"]
[Board "2"]
[WhiteElo "2518"]
[WhiteTitle "IM"]
[WhiteCountry "LTU"]
[WhiteFideId "12803731"]
[BlackElo "2492"]
[BlackTitle "GM"]
[BlackCountry "LTU"]
[BlackFideId "12809390"]

1. c4 {[%clk 1:30:57]} Nf6 {[%clk 1:30:05]} 2. Nc3 {[%clk 1:31:24]} e6 {[%clk
1:29:55]} 3. d4 {[%clk 1:31:49]} Bb4 {[%clk 1:30:21]} 4. Nf3 {[%clk 1:32:15]} O-O
{[%clk 1:27:44]} 5. Qc2 {[%clk 1:31:31]} d5 {[%clk 1:26:42]} 6. cxd5 {[%clk
1:31:55]} exd5 {[%clk 1:27:05]} 7. Bg5 {[%clk 1:32:20]} h6 {[%clk 1:25:37]} 8.
Bh4 {[%clk 1:27:28]} Re8 {[%clk 1:22:06]} 9. e3 {[%clk 1:24:32]} c5 {[%clk
1:15:43]} 10. dxc5 {[%clk 1:22:50]} g5 {[%clk 1:16:09]} 11. Bg3 {[%clk 1:23:16]}
Ne4 {[%clk 1:16:35]} 12. Bd3 {[%clk 1:13:46]} Bxc3+ {[%clk 1:15:06]} 13. bxc3
{[%clk 1:14:09]} Nd7 {[%clk 1:15:18]} 14. Bd6 {[%clk 1:05:24]} Ndxc5 {[%clk
1:13:55]} 15. Bxc5 {[%clk 1:03:38]} Nxc5 {[%clk 1:14:21]} 16. O-O {[%clk
1:03:59]} Qf6 {[%clk 1:09:57]} 17. Nd4 {[%clk 1:03:54]} Bd7 {[%clk 1:09:16]} 18.
a4 {[%clk 0:55:24]} Rac8 {[%clk 1:06:50]} 19. Bb5 {[%clk 0:53:52]} Red8 {[%clk
0:58:25]} 20. Rfc1 {[%clk 0:40:00]} Ne4 {[%clk 0:38:04]} 21. Qb2 {[%clk 0:40:16]}
Rc5 {[%clk 0:36:59]} 22. Bd3 {[%clk 0:40:39]} Nd6 {[%clk 0:36:46]} 23. Qb4 {[%clk
0:36:23]} Rdc8 {[%clk 0:37:04]} 24. Ra3 {[%clk 0:34:09]} R8c7 {[%clk 0:34:04]}
25. Rc2 {[%clk 0:29:02]} Qe5 {[%clk 0:33:00]} 26. Nf3 {[%clk 0:26:10]} Qf6 {[%clk
0:32:16]} 27. Nd4 {[%clk 0:26:29]} Qe5 {[%clk 0:32:26]} 28. h3 {[%clk 0:25:08]}
Qf6 {[%clk 0:30:05]} 29. Ra1 {[%clk 0:23:30]} h5 {[%clk 0:28:04]} 30. a5 {[%clk
0:21:49]} Rc8 {[%clk 0:27:50]} 31. Re1 {[%clk 0:21:35]} Kg7 {[%clk 0:27:34]} 32.
Rec1 {[%clk 0:16:18]} Qe5 {[%clk 0:20:29]} 33. a6 {[%clk 0:15:19]} b6 {[%clk
0:19:17]} 34. Nf3 {[%clk 0:12:12]} Qf6 {[%clk 0:19:42]} 35. Qd4 {[%clk 0:12:10]}
Qxd4 {[%clk 0:16:51]} 36. Nxd4 {[%clk 0:09:16]} Ba4 {[%clk 0:13:16]} 37. Ra2
{[%clk 0:09:03]} Bd7 {[%clk 0:12:12]} 38. Ra3 {[%clk 0:08:47]} Kf6 {[%clk
0:12:01]} 39. Kf1 {[%clk 0:09:12]} Bb5 {[%clk 0:09:34]} 40. Ke2 {[%clk 0:38:42]}
Bxd3+ {[%clk 0:39:44]} 41. Kxd3 {[%clk 0:39:06]} Nc4 {[%clk 0:39:00]} 1/2-1/2

[Event "Irena Warakomska Memorial A"]
[Site "Suwalki"]
[Date "2021.08.03"]
[Round "9"]
[White "Chatalbashev, Boris"]
[Black "Tomczak, Jacek"]
[Result "1-0"]
[Board "3"]
[WhiteElo "2535"]
[WhiteTitle "GM"]
[WhiteCountry "DEN"]
[WhiteFideId "2900440"]
[WhiteEloChange "6"]
[BlackElo "2603"]
[BlackTitle "GM"]
[BlackCountry "POL"]
[BlackFideId "1124668"]
[BlackEloChange "-6"]

1. d4 {[%clk 1:30:57]} Nf6 {[%clk 1:30:32]} 2. c4 {[%clk 1:31:20]} c5 {[%clk
1:30:54]} 3. d5 {[%clk 1:31:45]} b5 {[%clk 1:31:17]} 4. cxb5 {[%clk 1:32:10]} a6
{[%clk 1:31:34]} 5. bxa6 {[%clk 1:32:35]} g6 {[%clk 1:31:55]} 6. Nc3 {[%clk
1:32:58]} Bg7 {[%clk 1:32:15]} 7. e4 {[%clk 1:32:41]} O-O {[%clk 1:32:32]} 8. a7
{[%clk 1:32:44]} Rxa7 {[%clk 1:32:53]} 9. Nf3 {[%clk 1:33:08]} e6 {[%clk
1:32:45]} 10. Be2 {[%clk 1:33:32]} exd5 {[%clk 1:33:04]} 11. exd5 {[%clk
1:33:57]} d6 {[%clk 1:33:09]} 12. O-O {[%clk 1:34:20]} Na6 {[%clk 1:33:11]} 13.
Re1 {[%clk 1:30:05]} Nc7 {[%clk 1:28:40]} 14. h3 {[%clk 1:16:37]} Ba6 {[%clk
0:56:34]} 15. Bf4 {[%clk 1:11:49]} Qd7 {[%clk 0:54:48]} 16. Bxa6 {[%clk 1:10:21]}
Rxa6 {[%clk 0:54:32]} 17. Qd3 {[%clk 1:10:44]} Rb8 {[%clk 0:52:43]} 18. Re2
{[%clk 0:59:19]} Rb4 {[%clk 0:19:59]} 19. Bg5 {[%clk 0:48:20]} h6 {[%clk
0:19:09]} 20. Bxf6 {[%clk 0:46:11]} Bxf6 {[%clk 0:19:35]} 21. Rae1 {[%clk
0:46:29]} Ra8 {[%clk 0:17:07]} 22. Nd2 {[%clk 0:43:46]} Rd4 {[%clk 0:16:38]} 23.
Nde4 {[%clk 0:43:29]} Bg7 {[%clk 0:16:39]} 24. Qf3 {[%clk 0:41:42]} Rf8 {[%clk
0:03:31]} 25. a3 {[%clk 0:37:12]} Qd8 {[%clk 0:03:21]} 26. Nd2 {[%clk 0:35:29]}
Qb8 {[%clk 0:03:31]} 27. Nf1 {[%clk 0:34:16]} Nb5 {[%clk 0:01:27]} 28. Ne4 {[%clk
0:20:01]} Qd8 {[%clk 0:01:53]} 29. Qb3 {[%clk 0:17:00]} Nc7 {[%clk 0:01:48]} 30.
Nc3 {[%clk 0:17:12]} Qa8 {[%clk 0:01:55]} 31. Ne3 {[%clk 0:16:44]} Rb8 {[%clk
0:02:19]} 32. Qc2 {[%clk 0:17:07]} Qa6 {[%clk 0:02:29]} 33. Qc1 {[%clk 0:13:02]}
Rd3 {[%clk 0:00:52]} 34. Ng4 {[%clk 0:12:35]} g5 {[%clk 0:00:55]} 35. Ne4 {[%clk
0:07:05]} Nxd5 {[%clk 0:01:02]} 36. Nxg5 {[%clk 0:07:24]} hxg5 {[%clk 0:00:45]}
37. Re8+ {[%clk 0:06:30]} Rxe8 {[%clk 0:01:13]} 38. Rxe8+ {[%clk 0:06:53]} Kh7
{[%clk 0:01:41]} 39. Qxg5 {[%clk 0:06:58]} Rd1+ {[%clk 0:00:43]} 40. Kh2 {[%clk
0:37:22]} Be5+ {[%clk 0:30:33]} 41. Nxe5 {[%clk 0:36:14]} dxe5 {[%clk 0:30:02]}
42. Qh5+ {[%clk 0:35:51]} Kg7 {[%clk 0:30:19]} 43. Qxd1 {[%clk 0:34:35]} 1-0

[Event "Irena Warakomska Memorial A"]
[Site "Suwalki"]
[Date "2021.08.03"]
[Round "9"]
[White "Janik, Igor"]
[Black "Rozentalis, Eduardas"]
[Result "0-1"]
[Board "4"]
[WhiteElo "2500"]
[WhiteTitle "IM"]
[WhiteCountry "POL"]
[WhiteFideId "1159259"]
[WhiteEloChange "-5"]
[BlackElo "2520"]
[BlackTitle "GM"]
[BlackCountry "LTU"]
[BlackFideId "12800023"]
[BlackEloChange "5"]

1. e4 {[%clk 1:30:43]} e6 {[%clk 1:29:00]} 2. d4 {[%clk 1:31:05]} d5 {[%clk
1:29:27]} 3. Nd2 {[%clk 1:31:27]} c5 {[%clk 1:29:37]} 4. exd5 {[%clk 1:31:45]}
exd5 {[%clk 1:30:00]} 5. Ngf3 {[%clk 1:31:57]} c4 {[%clk 1:30:06]} 6. b3 {[%clk
1:29:50]} cxb3 {[%clk 1:29:54]} 7. axb3 {[%clk 1:29:57]} Bd6 {[%clk 1:28:54]} 8.
Bb2 {[%clk 1:28:13]} Ne7 {[%clk 1:26:10]} 9. Be2 {[%clk 1:23:47]} O-O {[%clk
1:24:37]} 10. O-O {[%clk 1:24:10]} Ng6 {[%clk 1:20:33]} 11. Re1 {[%clk 1:14:16]}
Nc6 {[%clk 1:18:42]} 12. Nf1 {[%clk 1:14:12]} Nf4 {[%clk 1:12:41]} 13. Bb5 {[%clk
1:14:24]} Ne7 {[%clk 1:05:02]} 14. Ne5 {[%clk 1:03:34]} Qc7 {[%clk 1:01:25]} 15.
Ng3 {[%clk 0:57:08]} Neg6 {[%clk 0:54:18]} 16. Ba3 {[%clk 0:41:20]} Bxa3 {[%clk
0:44:26]} 17. Rxa3 {[%clk 0:41:43]} Be6 {[%clk 0:44:47]} 18. Ra2 {[%clk 0:36:31]}
Rac8 {[%clk 0:42:11]} 19. Qd2 {[%clk 0:30:14]} a6 {[%clk 0:40:36]} 20. Bd3 {[%clk
0:30:30]} Qc3 {[%clk 0:38:01]} 21. Qxc3 {[%clk 0:27:49]} Rxc3 {[%clk 0:38:13]}
22. Bxg6 {[%clk 0:27:58]} hxg6 {[%clk 0:37:06]} 23. Ne2 {[%clk 0:15:54]} Nxe2+
{[%clk 0:36:31]} 24. Rxe2 {[%clk 0:16:23]} Bf5 {[%clk 0:29:48]} 25. Nf3 {[%clk
0:16:20]} Rfc8 {[%clk 0:28:09]} 26. Ne1 {[%clk 0:16:45]} f6 {[%clk 0:27:17]} 27.
h4 {[%clk 0:12:34]} Kf7 {[%clk 0:21:58]} 28. f3 {[%clk 0:12:19]} Bd7 {[%clk
0:21:35]} 29. Kf2 {[%clk 0:09:50]} Bb5 {[%clk 0:20:46]} 30. Rd2 {[%clk 0:09:47]}
Re8 {[%clk 0:18:58]} 31. Ra5 {[%clk 0:06:11]} b6 {[%clk 0:09:51]} 32. Ra1 {[%clk
0:06:40]} a5 {[%clk 0:10:00]} 33. Rc1 {[%clk 0:06:28]} Rec8 {[%clk 0:06:48]} 34.
Rcd1 {[%clk 0:05:08]} Re8 {[%clk 0:06:25]} 35. g4 {[%clk 0:04:05]} Ree3 {[%clk
0:05:04]} 36. Rc1 {[%clk 0:02:11]} f5 {[%clk 0:04:49]} 37. gxf5 {[%clk 0:02:03]}
gxf5 {[%clk 0:05:14]} 38. Kg3 {[%clk 0:02:26]} Be2 {[%clk 0:03:07]} 39. Kf2
{[%clk 0:02:55]} Bb5 {[%clk 0:03:16]} 40. Kg3 {[%clk 0:33:19]} Kf6 {[%clk
0:32:40]} 41. Rf2 {[%clk 0:32:55]} Re4 {[%clk 0:16:06]} 42. Nd3 {[%clk 0:27:03]}
Rxd4 {[%clk 0:13:26]} 43. Nf4 {[%clk 0:27:19]} Ke5 {[%clk 0:13:47]} 44. Ng6+
{[%clk 0:25:50]} Kd6 {[%clk 0:14:13]} 45. Nf4 {[%clk 0:26:19]} Ke5 {[%clk
0:14:04]} 46. Ng6+ {[%clk 0:26:44]} Kd6 {[%clk 0:14:32]} 47. Nf4 {[%clk 0:27:11]}
Re4 {[%clk 0:13:11]} 48. Rd1 {[%clk 0:22:35]} Bc6 {[%clk 0:13:03]} 49. Ne2 {[%clk
0:14:46]} Rce3 {[%clk 0:12:34]} 50. Nd4 {[%clk 0:13:22]} Rg4+ {[%clk 0:09:10]}
51. Kh3 {[%clk 0:11:16]} Bd7 {[%clk 0:09:09]} 52. c4 {[%clk 0:11:03]} g5 {[%clk
0:07:30]} 53. Nb5+ {[%clk 0:05:20]} Ke7 {[%clk 0:07:22]} 54. Nc7 {[%clk 0:05:49]}
Rxh4+ {[%clk 0:06:22]} 55. Kg2 {[%clk 0:06:18]} Rxb3 {[%clk 0:05:53]} 56. Nxd5+
{[%clk 0:06:42]} Kf7 {[%clk 0:05:09]} 57. Re2 {[%clk 0:05:21]} Be6 {[%clk
0:04:43]} 58. Nc7 {[%clk 0:05:41]} Rh6 {[%clk 0:04:39]} 59. Rd6 {[%clk 0:05:16]}
Bxc4 {[%clk 0:04:37]} 60. Rd7+ {[%clk 0:05:40]} Kg6 {[%clk 0:04:45]} 61. Rc2
{[%clk 0:04:26]} b5 {[%clk 0:04:44]} 62. Ne8 {[%clk 0:04:32]} Rh8 {[%clk
0:03:32]} 63. Rg7+ {[%clk 0:04:24]} Kh6 {[%clk 0:04:00]} 64. Re7 {[%clk 0:04:52]}
Rh7 {[%clk 0:03:18]} 65. Re5 {[%clk 0:05:13]} Kg6 {[%clk 0:03:01]} 66. Nd6 {[%clk
0:05:36]} Rc7 {[%clk 0:02:59]} 67. Kg3 {[%clk 0:04:58]} g4 {[%clk 0:02:46]} 68.
Nxf5 {[%clk 0:03:01]} Kf6 {[%clk 0:02:44]} 69. Nd4 {[%clk 0:03:19]} Kxe5 {[%clk
0:03:05]} 70. Nxb3 {[%clk 0:03:48]} a4 {[%clk 0:03:21]} 0-1

[Event "Irena Warakomska Memorial A"]
[Site "Suwalki"]
[Date "2021.08.03"]
[Round "9"]
[White "Jakubowski, Krzysztof"]
[Black "Sakalauskas, Vaidas"]
[Result "1-0"]
[Board "5"]
[WhiteElo "2497"]
[WhiteTitle "GM"]
[WhiteCountry "POL"]
[WhiteFideId "1112848"]
[WhiteEloChange "3"]
[BlackElo "2330"]
[BlackTitle "IM"]
[BlackCountry "LTU"]
[BlackFideId "12800457"]
[BlackEloChange "-6"]

1. e4 {[%clk 1:30:56]} c5 {[%clk 1:30:39]} 2. Nc3 {[%clk 1:31:11]} g6 {[%clk
1:29:45]} 3. h4 {[%clk 1:31:29]} Bg7 {[%clk 1:24:52]} 4. h5 {[%clk 1:31:43]} Nc6
{[%clk 1:24:50]} 5. Bc4 {[%clk 1:30:24]} d6 {[%clk 1:19:43]} 6. d3 {[%clk
1:30:03]} Nh6 {[%clk 1:19:14]} 7. Bd2 {[%clk 1:09:42]} f5 {[%clk 1:01:10]} 8.
Nge2 {[%clk 0:47:45]} e5 {[%clk 0:52:19]} 9. Nd5 {[%clk 0:44:17]} Be6 {[%clk
0:39:39]} 10. c3 {[%clk 0:34:50]} Bxd5 {[%clk 0:29:43]} 11. Bxd5 {[%clk 0:35:02]}
Qd7 {[%clk 0:29:51]} 12. Qb3 {[%clk 0:34:35]} Na5 {[%clk 0:29:43]} 13. Qa3 {[%clk
0:34:47]} Nc6 {[%clk 0:30:05]} 14. b4 {[%clk 0:32:45]} Ne7 {[%clk 0:26:38]} 15.
Bb3 {[%clk 0:32:32]} d5 {[%clk 0:24:08]} 16. exd5 {[%clk 0:30:58]} cxb4 {[%clk
0:23:09]} 17. Qxb4 {[%clk 0:30:06]} Nxd5 {[%clk 0:22:37]} 18. Qa5 {[%clk
0:30:09]} b5 {[%clk 0:20:29]} 19. a4 {[%clk 0:28:10]} Nc7 {[%clk 0:15:17]} 20.
axb5 {[%clk 0:27:23]} Kd8 {[%clk 0:13:22]} 21. Bxh6 {[%clk 0:19:42]} Bxh6 {[%clk
0:13:41]} 22. b6 {[%clk 0:20:08]} axb6 {[%clk 0:13:21]} 23. Qxa8+ {[%clk
0:20:33]} Nxa8 {[%clk 0:13:46]} 24. Rxa8+ {[%clk 0:21:00]} Ke7 {[%clk 0:13:47]}
25. Rxh8 {[%clk 0:21:24]} Kf6 {[%clk 0:13:21]} 26. hxg6 {[%clk 0:21:07]} Kxg6
{[%clk 0:13:44]} 27. Rh3 {[%clk 0:19:27]} f4 {[%clk 0:12:20]} 28. d4 {[%clk
0:15:28]} Qf5 {[%clk 0:11:04]} 29. Rg8+ {[%clk 0:15:18]} Bg7 {[%clk 0:10:33]} 30.
Kd2 {[%clk 0:12:56]} h5 {[%clk 0:10:17]} 31. Re8 {[%clk 0:11:37]} Qg5 {[%clk
0:10:09]} 32. Re6+ {[%clk 0:10:24]} Kf5 {[%clk 0:09:52]} 33. f3 {[%clk 0:09:06]}
h4 {[%clk 0:08:52]} 34. d5 {[%clk 0:08:58]} Bf6 {[%clk 0:09:10]} 35. Bc2+ {[%clk
0:09:23]} 1-0

[Event "Irena Warakomska Memorial A"]
[Site "Suwalki"]
[Date "2021.08.03"]
[Round "9"]
[White "Kosakowski, Jakub"]
[Black "Klimkowski, Jan"]
[Result "1/2-1/2"]
[Board "6"]
[WhiteElo "2417"]
[WhiteTitle "IM"]
[WhiteCountry "POL"]
[WhiteFideId "1185080"]
[WhiteEloChange "-1"]
[BlackElo "2322"]
[BlackTitle "FM"]
[BlackCountry "POL"]
[BlackFideId "21856222"]
[BlackEloChange "3"]

1. e4 {[%clk 1:30:22]} c5 {[%clk 1:30:56]} 2. Nf3 {[%clk 1:30:43]} d6 {[%clk
1:31:23]} 3. Bb5+ {[%clk 1:31:02]} Nd7 {[%clk 1:31:47]} 4. a4 {[%clk 1:31:22]}
Nf6 {[%clk 1:31:51]} 5. Nc3 {[%clk 1:31:38]} g6 {[%clk 1:31:53]} 6. a5 {[%clk
1:31:58]} Bg7 {[%clk 1:31:57]} 7. O-O {[%clk 1:32:12]} O-O {[%clk 1:31:29]} 8.
Re1 {[%clk 1:32:15]} a6 {[%clk 1:31:07]} 9. Bf1 {[%clk 1:32:34]} e5 {[%clk
1:21:48]} 10. d3 {[%clk 1:24:05]} Nb8 {[%clk 1:21:33]} 11. Nd2 {[%clk 0:59:01]}
Nc6 {[%clk 1:11:22]} 12. Nc4 {[%clk 0:57:10]} Be6 {[%clk 1:10:36]} 13. Bg5 {[%clk
0:47:24]} h6 {[%clk 1:07:08]} 14. Bxf6 {[%clk 0:45:25]} Bxf6 {[%clk 1:07:33]} 15.
Nd5 {[%clk 0:45:44]} Bg7 {[%clk 0:57:56]} 16. c3 {[%clk 0:44:34]} Rb8 {[%clk
0:54:52]} 17. Qb3 {[%clk 0:41:59]} Ne7 {[%clk 0:43:53]} 18. Nxe7+ {[%clk
0:40:48]} Qxe7 {[%clk 0:44:13]} 19. Qb6 {[%clk 0:41:13]} Rbd8 {[%clk 0:38:36]}
20. b4 {[%clk 0:41:16]} cxb4 {[%clk 0:37:03]} 21. Qxb4 {[%clk 0:37:56]} Bxc4
{[%clk 0:35:26]} 22. dxc4 {[%clk 0:33:47]} Rc8 {[%clk 0:30:35]} 23. Rab1 {[%clk
0:33:38]} Rc7 {[%clk 0:30:57]} 24. Red1 {[%clk 0:31:44]} Rd8 {[%clk 0:30:49]} 25.
g3 {[%clk 0:31:02]} Bf8 {[%clk 0:29:35]} 26. Qb6 {[%clk 0:24:13]} Rdd7 {[%clk
0:25:12]} 27. Rb3 {[%clk 0:08:37]} Rc5 {[%clk 0:22:59]} 28. Rdb1 {[%clk 0:06:54]}
Qf6 {[%clk 0:19:25]} 29. Kg2 {[%clk 0:06:33]} h5 {[%clk 0:18:39]} 30. Rd1 {[%clk
0:02:56]} 1/2-1/2

[Event "Irena Warakomska Memorial A"]
[Site "Suwalki"]
[Date "2021.08.03"]
[Round "9"]
[White "Nowak, Mikolaj"]
[Black "Hnydiuk, Aleksander"]
[Result "0-1"]
[Board "7"]
[WhiteElo "2310"]
[WhiteCountry "POL"]
[WhiteFideId "1191365"]
[WhiteEloChange "-7"]
[BlackElo "2407"]
[BlackTitle "IM"]
[BlackCountry "POL"]
[BlackFideId "1109057"]
[BlackEloChange "4"]

1. d4 {[%clk 1:30:57]} Nf6 {[%clk 1:28:21]} 2. Nf3 {[%clk 1:31:19]} g6 {[%clk
1:28:26]} 3. c4 {[%clk 1:31:32]} Bg7 {[%clk 1:28:52]} 4. e3 {[%clk 1:31:54]} O-O
{[%clk 1:29:12]} 5. Be2 {[%clk 1:32:18]} c5 {[%clk 1:29:16]} 6. d5 {[%clk
1:32:40]} e6 {[%clk 1:29:15]} 7. Nc3 {[%clk 1:33:04]} d6 {[%clk 1:29:22]} 8. O-O
{[%clk 1:33:16]} exd5 {[%clk 1:29:16]} 9. cxd5 {[%clk 1:33:40]} Na6 {[%clk
1:29:38]} 10. Re1 {[%clk 1:28:53]} Re8 {[%clk 1:26:46]} 11. Nd2 {[%clk 1:28:14]}
Rb8 {[%clk 1:25:36]} 12. e4 {[%clk 1:26:06]} Nc7 {[%clk 1:22:46]} 13. a4 {[%clk
1:25:34]} a6 {[%clk 1:23:11]} 14. a5 {[%clk 1:24:04]} Bd7 {[%clk 1:23:18]} 15.
Qb3 {[%clk 1:13:53]} Nb5 {[%clk 1:22:29]} 16. Nxb5 {[%clk 1:09:00]} axb5 {[%clk
1:22:51]} 17. Bxb5 {[%clk 1:05:57]} Bxb5 {[%clk 1:23:18]} 18. Qxb5 {[%clk
1:06:17]} Nxd5 {[%clk 1:23:41]} 19. Nf3 {[%clk 1:00:44]} Nb4 {[%clk 1:17:02]} 20.
Bg5 {[%clk 0:55:36]} Qc7 {[%clk 1:14:28]} 21. Re2 {[%clk 0:53:58]} Qc6 {[%clk
1:10:12]} 22. Qc4 {[%clk 0:49:56]} Qa6 {[%clk 1:05:25]} 23. Qxa6 {[%clk 0:45:13]}
bxa6 {[%clk 1:05:40]} 24. Bf4 {[%clk 0:44:01]} Nd3 {[%clk 1:02:17]} 25. Bxd6
{[%clk 0:43:27]} Rxb2 {[%clk 1:02:40]} 26. Rxb2 {[%clk 0:39:53]} Bxb2 {[%clk
1:03:07]} 27. Ra4 {[%clk 0:37:16]} Bd4 {[%clk 1:02:49]} 28. Kf1 {[%clk 0:31:39]}
Nb2 {[%clk 0:47:59]} 29. Ra2 {[%clk 0:30:18]} Nc4 {[%clk 0:47:42]} 30. Nxd4
{[%clk 0:22:05]} Nxd6 {[%clk 0:39:25]} 31. Nb3 {[%clk 0:20:28]} Nxe4 {[%clk
0:36:45]} 32. Re2 {[%clk 0:19:42]} Kf8 {[%clk 0:26:27]} 33. f3 {[%clk 0:18:39]}
Rb8 {[%clk 0:26:17]} 34. Nc1 {[%clk 0:15:42]} Nd6 {[%clk 0:22:23]} 35. Nd3 {[%clk
0:16:00]} Rb5 {[%clk 0:20:32]} 36. Re5 {[%clk 0:16:09]} Nb7 {[%clk 0:17:17]} 37.
Rd5 {[%clk 0:16:29]} Ke7 {[%clk 0:11:13]} 38. Re5+ {[%clk 0:16:40]} Kd6 {[%clk
0:11:09]} 39. Re8 {[%clk 0:17:02]} c4 {[%clk 0:11:04]} 40. Nf2 {[%clk 0:47:24]}
f5 {[%clk 0:40:14]} 41. Rh8 {[%clk 0:47:31]} Rb1+ {[%clk 0:39:32]} 42. Ke2 {[%clk
0:47:49]} Rb2+ {[%clk 0:39:59]} 43. Ke1 {[%clk 0:48:03]} c3 {[%clk 0:36:15]} 44.
Rxh7 {[%clk 0:47:57]} Rxf2 {[%clk 0:32:36]} 45. Kxf2 {[%clk 0:45:50]} c2 {[%clk
0:33:02]} 46. Rxb7 {[%clk 0:45:48]} c1=Q {[%clk 0:33:28]} 47. Rb6+ {[%clk
0:44:58]} Ke5 {[%clk 0:33:54]} 48. Rxa6 {[%clk 0:43:21]} Qd2+ {[%clk 0:27:52]}
49. Kg3 {[%clk 0:42:58]} Qe1+ {[%clk 0:25:52]} 50. Kh3 {[%clk 0:43:18]} g5 {[%clk
0:26:04]} 51. Rh6 {[%clk 0:42:37]} g4+ {[%clk 0:26:23]} 52. fxg4 {[%clk 0:43:02]}
Qe3+ {[%clk 0:26:49]} 0-1

[Event "Irena Warakomska Memorial A"]
[Site "Suwalki"]
[Date "2021.08.03"]
[Round "9"]
[White "Paszewski, Mateusz"]
[Black "Licznerski, Lukasz"]
[Result "0-1"]
[Board "8"]
[WhiteElo "2280"]
[WhiteTitle "FM"]
[WhiteCountry "POL"]
[WhiteFideId "1141058"]
[WhiteEloChange "-7"]
[BlackElo "2400"]
[BlackTitle "FM"]
[BlackCountry "POL"]
[BlackFideId "1179250"]
[BlackEloChange "3"]

1. c4 {[%clk 1:30:25]} Nf6 {[%clk 1:30:27]} 2. Nc3 {[%clk 1:30:35]} g6 {[%clk
1:27:30]} 3. e4 {[%clk 1:29:19]} e5 {[%clk 1:23:01]} 4. Nf3 {[%clk 1:20:47]} d6
{[%clk 1:15:28]} 5. d4 {[%clk 1:18:51]} exd4 {[%clk 1:15:39]} 6. Nxd4 {[%clk
1:19:10]} Bg7 {[%clk 1:16:01]} 7. Be2 {[%clk 1:17:30]} Nc6 {[%clk 1:13:20]} 8.
Be3 {[%clk 1:08:14]} O-O {[%clk 1:09:37]} 9. O-O {[%clk 1:03:45]} Bd7 {[%clk
0:52:16]} 10. Nc2 {[%clk 0:50:15]} a6 {[%clk 0:46:37]} 11. f3 {[%clk 0:43:00]}
Qb8 {[%clk 0:41:45]} 12. a4 {[%clk 0:33:35]} a5 {[%clk 0:41:16]} 13. Qd2 {[%clk
0:32:46]} Re8 {[%clk 0:40:59]} 14. Rae1 {[%clk 0:17:40]} Nb4 {[%clk 0:36:32]} 15.
Na3 {[%clk 0:16:50]} Bc6 {[%clk 0:33:43]} 16. Nab5 {[%clk 0:14:18]} Nd7 {[%clk
0:30:39]} 17. Bd1 {[%clk 0:08:55]} Qd8 {[%clk 0:24:39]} 18. Bc2 {[%clk 0:07:56]}
Bxb5 {[%clk 0:23:57]} 19. axb5 {[%clk 0:07:22]} Ne5 {[%clk 0:14:17]} 20. b3
{[%clk 0:06:15]} Qf6 {[%clk 0:14:44]} 21. Nd5 {[%clk 0:05:08]} Nxd5 {[%clk
0:15:10]} 22. Qxd5 {[%clk 0:04:28]} b6 {[%clk 0:13:51]} 23. h3 {[%clk 0:00:50]}
Nd7 {[%clk 0:13:34]} 24. Re2 {[%clk 0:00:38]} Nc5 {[%clk 0:13:20]} 25. Qd1 {[%clk
0:00:35]} Qb2 {[%clk 0:09:57]} 26. Qb1 {[%clk 0:00:41]} Qc3 {[%clk 0:08:27]} 27.
Bd2 {[%clk 0:00:43]} Qf6 {[%clk 0:08:51]} 28. Qd1 {[%clk 0:00:39]} Ne6 {[%clk
0:05:28]} 29. Be3 {[%clk 0:00:51]} Nf4 {[%clk 0:05:15]} 30. Rd2 {[%clk 0:00:48]}
h5 {[%clk 0:05:04]} 31. Re1 {[%clk 0:00:39]} Qg5 {[%clk 0:04:52]} 32. Kh1 {[%clk
0:00:47]} Be5 {[%clk 0:03:52]} 33. Rg1 {[%clk 0:00:57]} h4 {[%clk 0:04:05]} 34.
Qe1 {[%clk 0:00:37]} Kg7 {[%clk 0:03:56]} 35. g3 {[%clk 0:00:36]} hxg3 {[%clk
0:04:10]} 36. Rxg3 {[%clk 0:01:03]} Qf6 {[%clk 0:03:19]} 37. Bd1 {[%clk 0:00:36]}
Rh8 {[%clk 0:03:29]} 38. Rh2 {[%clk 0:00:49]} Rh5 {[%clk 0:01:21]} 39. Rg4 {[%clk
0:00:42]} Rah8 {[%clk 0:01:08]} 40. h4 {[%clk 0:30:38]} Nd3 {[%clk 0:30:51]} 41.
Qd2 {[%clk 0:27:26]} Bxh2 {[%clk 0:27:33]} 42. Qxd3 {[%clk 0:27:49]} Be5 {[%clk
0:18:49]} 43. Bf2 {[%clk 0:27:39]} Qe7 {[%clk 0:19:01]} 44. Kg2 {[%clk 0:26:00]}
Bf6 {[%clk 0:19:11]} 45. Bc2 {[%clk 0:25:49]} Bxh4 {[%clk 0:19:08]} 46. e5 {[%clk
0:26:09]} Bxf2 {[%clk 0:19:19]} 0-1